Toutes les gares ferroviaires de Haute-Garonne - Statistiques

Statistiques générales
  • Ce quiz a été pris 10 fois
  • Le résultat moyen est 8 sur 49
Statistiques - réponses
Fréquentation annuelle Nom de la gare % Correct
882 910 Muret
100%
344 973 Saint-Gaudens
89%
14 522 596 Toulouse Matabiau
89%
1 054 146 Saint-Agne
56%
345 633 Carbonne
44%
218 343 Cazères
44%
218 241 Montréjeau - Gourdan-Polignan
44%
343 608 Auterive
33%
290 206 Boussens
33%
254 933 Colomiers
33%
53 172 Luchon
33%
298 118 Portet Saint-Simon
22%
253 694 Saint-Jory
22%
11 163 Saint-Martory
22%
275 887 Villefranche-de-Lauragais
22%
103 277 Baziège
11%
407 600 Castelnau-d'Estrétefonds
11%
193 090 Labège Innopole
11%
12 337 Les Ramassiers
11%
4 484 Le Toec
11%
73 196 Montaudran
11%
46 274 Montrabé
11%
134 693 Pins-Justaret
11%
34 028 Avignonet-Lauragais
0%
199 193 Brax - Léguevin
0%
93 431 Cintegabelle
0%
189 513 Colomiers Lycée International
0%
69 299 Escalquens
0%
48 Fenouillet - Saint-Alban
0%
50 012 Gallieni Cancéropôle
0%
30 847 Gragnague
0%
6 580 Labège Village
0%
64 847 Lacourtensourt
0%
386 Lalande Eglise
0%
16 448 Lardenne
0%
85 525 Le Fauga
0%
164 Lestelle-de-Saint-Martory
0%
132 711 Longages - Noé
0%
34 244 Martres-Tolosane
0%
51 848 Mérenvielle
0%
189 628 Montastruc-la-Conseillère
0%
3 218 Montlaur
0%
115 815 Pibrac
0%
62 Roquesérière - Buzet
0%
303 Route de Launaguet
0%
289 541 Saint-Cyprien Arènes
0%
13 507 Saint-Martin du Touch
0%
209 714 Venerque - Vernet
0%
28 046 Villenouvelle
0%
Aucun quiz correspondant
Distribution des résultats
% des personnes avec chaque résultat
Percentile par nombre de réponses
Votre historique - résultats
Vous n’avez pas pris ce quiz